000 00488nam a22001697a 4500
003 NUST - PNEC
005 20170116180942.0
008 150907b xxu||||| |||| 00| 0 eng d
020 _a0139141014
040 _cLIBRARY
082 _a621.38043 RAB
100 _98790
_aRabiner, Lawrence R.
245 _aTheory and application of digital signal processing
_cLawrence R. Rabiner
260 _cc.1975
650 _98794
_aSignal theory (Telecommunication)
_xMS-COM, EL
942 _2ddc
_cBK
999 _c66192
_d66192